| 000 | 00469nam a2200145 a 4500 | ||
|---|---|---|---|
| 001 | 000048803 | ||
| 005 | 20201002061423.0 | ||
| 008 | 190412s2016 dr a r 000 spa d | ||
| 040 |
_aDO-SdBNP _bspa _cBNPHU |
||
| 082 |
_axxx _bL769 |
||
| 245 | 0 | _aLista roja de la flora vascular en República Dominicana. | |
| 260 |
_a[Santo Domingo] : _bMinisterio de Medio Ambiente y Recursos Naturales, _c2016. |
||
| 300 |
_a763 p. : _bil. ; _c28 cm. |
||
| 590 | _aInventariado, 2019 / DG | ||
| 999 |
_c48291 _d48291 |
||